| 000 | 00360 a2200169 4500 | ||
|---|---|---|---|
| 001 | 191502 | ||
| 020 | _a85-322-5173-0 | ||
| 040 | _cMagnum | ||
| 100 | _aPorto, Cristina | ||
| 240 | 1 | 0 |
_aSaudades do rio mar _lpor |
| 245 | 1 | 0 | _aSaudades do rio mar |
| 300 | _a63 | ||
| 362 | 0 | _a2003 | |
| 440 | 1 | _aFTD | |
| 697 | _aLITERATURA INFANTO-JUVENIL | ||
| 942 | _cBK | ||
| 999 |
_c191502 _d191502 |
||